[Event "Zonal 3.3 Online"]
[Site "Tornelo INT"]
[Date "2021.05.01"]
[Round "1"]
[White "Loganathan, Divyadarrshini"]
[Black "Tan, Jun Ying"]
[Result "0-1"]
[WhiteElo "1419"]
[BlackElo "2151"]
[PlyCount "76"]
[EventDate "2021.05.01"]
[EventType "swiss"]
[EventRounds "9"]
[EventCountry "PHI"]
[SourceTitle "CBM 202 Extra"]
[Source "ChessBase"]
[SourceDate "2021.07.31"]
[SourceVersion "1"]
[SourceVersionDate "2021.07.31"]
[SourceQuality "1"]

1. e4 c5 2. Nf3 Nc6 3. d4 cxd4 4. Nxd4 Nf6 5. Nc3 d6 6. f3 e5 7. Nb3 Be7 8. Be3 0-0 9. Qd2 a5 10. Na4 d5 11. Nb6 d4 12. Nxa8 a4 13. Bg5 axb3 14. axb3 b6 15. Ba6 Bxa6 16. Rxa6 Qc8 17. Qe2 d3 18. Qxd3 Nb4 19. Qc4 Nxa6 20. Nxb6 Qb7 21. Bxf6 Bxf6 22. Nd5 Rc8 23. Qe2 Nb4 24. Ne3 Bg5 25. Nc4 Qa7 26. Na3 Rd8 27. Nb1 Qc5 28. c3 Nd3+ 29. Kf1 Nf4 30. Qc2 Qe3 31. h4 Nh5 32. Rh3 Bxh4 33. g4 Qe1+ 34. Kg2 Nf4+ 35. Kh2 Nxh3 36. Kg2 Qg3+ 37. Kf1 Qg1+ 38. Ke2 Nf4# 0-1

[Event "Asia Nations online Cup (Women)"]
[Site "Chess.com INT"]
[Date "2020.10.17"]
[Round "4.6"]
[White "Munkhzul, Davaakhuu"]
[Black "Loganathan, Divyadarrshini"]
[Result "1-0"]
[WhiteElo "1991"]
[BlackElo "1419"]
[PlyCount "53"]
[EventDate "2020.10.11"]
[EventType "team-swiss (rapid)"]
[EventRounds "9"]
[EventCountry "IND"]
[SourceTitle "CBM 198 Extra"]
[Source "ChessBase"]
[SourceDate "2020.11.30"]
[SourceVersion "1"]
[SourceVersionDate "2020.11.30"]
[SourceQuality "1"]
[WhiteTeam "Mongolia (W)"]
[BlackTeam "Malaysia (W)"]
[WhiteTeamCountry "MGL"]
[BlackTeamCountry "MAS"]

1. e4 c5 2. Nf3 d6 3. d4 cxd4 4. Nxd4 Nf6 5. Nc3 g6 6. Be3 Bg7 7. f3 0-0 8. Qd2 Nc6 9. 0-0-0 d5 10. exd5 Nxd5 11. Nxc6 bxc6 12. Nxd5 cxd5 13. Bd4 e5 14. Bc5 Qh4 15. Bxf8 Bxf8 16. Qxd5 Qf4+ 17. Kb1 Rb8 18. Qe4 Qf6 19. Bc4 Bf5 20. Qe3 Bg7 21. Qxa7 Rc8 22. Qa6 Rc6 23. Rd8+ Qxd8 24. Qxc6 Qd4 25. Qe8+ Bf8 26. Qxf7+ Kh8 27. Qg8# 1-0

[Event "Penang op-B 11th"]
[Site "Penang"]
[Date "2019.12.11"]
[Round "5"]
[White "Loganathan, Divyadarrshini"]
[Black "Kebbedies, Frank"]
[Result "0-1"]
[WhiteElo "1404"]
[BlackElo "1830"]
[PlyCount "46"]
[EventDate "2019.12.09"]
[EventType "swiss"]
[EventRounds "9"]
[EventCountry "MAS"]
[SourceTitle "CBM 193 Extra"]
[Source "ChessBase"]
[SourceDate "2020.01.31"]
[SourceVersion "1"]
[SourceVersionDate "2020.01.31"]
[SourceQuality "1"]

1. e4 Nf6 2. Nc3 e5 3. f4 d5 4. fxe5 Nxe4 5. Nf3 Be7 6. g3 Bg4 7. Bg2 Nc6 8. d4 Bb4 9. Bd2 Nxd4 10. Bg5 Nxf3+ 11. Bxf3 Bxf3 12. Qxf3 Bxc3+ 13. bxc3 Qxg5 14. 0-0 0-0 15. Qd3 Qxe5 16. Rf3 Qd6 17. Raf1 Rae8 18. Rf4 Re6 19. Ra1 Qc5+ 20. Qd4 Qxd4+ 21. cxd4 Nc3 22. Rff1 Ne2+ 23. Kf2 Nxd4 0-1